LEADER 01287nam 2200421 450 001 9910554832903321 005 20201021081041.0 010 $a1-119-74307-9 010 $a1-119-74309-5 035 $a(CKB)4920000000529298 035 $a(MiAaPQ)EBC6242908 035 $a(EXLCZ)994920000000529298 100 $a20201021d2020 uy 0 101 0 $aeng 135 $aurcnu|||||||| 181 $ctxt$2rdacontent 182 $cc$2rdamedia 183 $acr$2rdacarrier 200 10$aAnnual update $etop governmental and not-for-profit accounting and auditing issues facing CPAs /$fby Lynda Dennis 210 1$aDurham, NC :$cAssociation of International Certified Professional Accountants, Inc.,$d[2020] 210 4$d©2020 215 $a1 online resource (256 pages) 225 0 $aAicpa 311 $a1-119-74275-7 606 $aNonprofit organizations$xAccounting 606 $aFinance, Public$xAccounting 608 $aElectronic books. 615 0$aNonprofit organizations$xAccounting. 615 0$aFinance, Public$xAccounting. 676 $a657.98 700 $aDennis$b Lynda$0935311 801 0$bMiAaPQ 801 1$bMiAaPQ 801 2$bMiAaPQ 906 $aBOOK 912 $a9910554832903321 996 $aAnnual update$92819895 997 $aUNINA LEADER 01765nas 2200457-a 450 001 996200689503316 005 20230224213018.0 035 $a(DE-599)ZDB2110760-9 035 $a(OCoLC)61313412 035 $a(CKB)110978977982862 035 $a(CONSER)--2009250717 035 $a(EXLCZ)99110978977982862 100 $a20050822a19969999 --- - 101 0 $aeng 135 $aurcn||||||||| 181 $ctxt$2rdacontent 182 $cc$2rdamedia 183 $acr$2rdacarrier 200 00$aAALL spectrum 210 $aChicago, Ill. $cAmerican Association of Law Libraries 215 $a1 online resource (volumes) 300 $a"American Association of Law Libraries magazine." 311 $a1089-8689 330 $a"AALL Spectrum publishes substantive, well-written articles on topics of real interest to law librarians, as well as news about the American Association of Law Libraries - Chapters, Committees, Special Interest Sections, etc. AALL Spectrum is an award winning monthly magazine distributed free of charge to members of the American Association of Law Libraries."--AALL web site. 517 3 $aAmerican Association of Law Libraries spectrum 517 3 $aSpectrum 606 $aLaw libraries$zUnited States$vPeriodicals 606 $aDroit$xBibliothèques$zÉtats-Unis$vPériodiques 606 $aLaw libraries$2fast$3(OCoLC)fst00994020 607 $aUnited States$2fast 608 $aPeriodicals.$2fast 608 $aPeriodicals.$2lcgft 615 0$aLaw libraries 615 6$aDroit$xBibliothèques 615 7$aLaw libraries. 676 $a026.34/00973 712 02$aAmerican Association of Law Libraries. 906 $aJOURNAL 912 $a996200689503316 996 $aAALL spectrum$92102471 997 $aUNISA